Регионална библиотека "Любен Каравелов" - Русе

Le Musee du Vatican (Запис номер 398610)

MARC детайли
000 -Лидер
Контролно поле с фиксирана дължина nkm a22 a 4500
003 - Код на организацията, давaща контролен номер
Контролно поле BLK
005 - Дата и час на последна редакция
Контролно поле 20210216094908.0
008 - Елементи от данни с фиксирана дължина
fixed length control field 210216b bu ||||| |||| 00| 0 bu d
040 ## - Източник на каталожния запис
Идентификатор на билиотеката - собственик на записа BLK
041 ## - Код за език
Код за езика на текст/звукозапис или на отделно заглавие Италиански
Код за езика КДБФ Други
080 ## - УДК
Текстов определител УДК Изобразителни изкуства и художествени занаяти
УДК код - определител по УДК 73/76
УДК определител :069(456.31)
УДК - код + определител 73/76:069(456.31)
139 ## - Редно поле
Редна дума Le Musee du Vatican
245 ## - Сведения за заглавието
Заглавие Le Musee du Vatican
Подзаглавни данни Pinacotheque Vaticane, Chapelle Sixtine, Loges de Raphael.
Редно поле (дума) pref. de Mgr. Ennio Francia
257 ## - Страна на издаване
Страна на създаване/издаване Франция
260 ## - Област на издателските данни
9 (RLIN) 441509
Място на издаване, разпространение и проч. Paris
Име на издателя, разпространителя и проч. Art et Style
Година на издаване 1949
300 ## - Физическа характеристика
Страници 40 s.
Илюстрации и др. ill.
Размери/Мащаб 31 cm
380 ## - Жанр
Жанр Изкуство
490 ## - СЕРИИ (Колекции)
9 (RLIN) 441511
Име на серия Art et Style
№: серия 13
650 #0 - Допълнително описание по предмет – тема
9 (RLIN) 286335
Основно описание – тема или топоним Изобразително изкуство - галерии, изложби, колекции, музеи
653 #7 - Ключова дума – ненормативна
9 (RLIN) 191489
Ключова дума музеи
653 #7 - Ключова дума – ненормативна
9 (RLIN) 182989
Ключова дума Ватикан
700 ## - Други автори (авторска отговорност)
9 (RLIN) 194
Лично име Francia, Ennio
Автороска отговорност (Описва отношението между автора и произведението) pref.
852 ## - Местоположение
Форматна сигнатура Цб ІІ 27138
Фондова буква Основен фонд - ползва се само за читалня
999 ## - СИСТЕМНИ КОНТРОЛНИ НОМЕРА
Koha biblionumber 398610
Koha biblioitemnumber 398610
942 ## - АРТИКУЛИ
Вид на библиотечния материал Графични издания
Скрит в OPAC Не
Периодичен библиозапис Да
944 ## - СЪЗДАВАНЕ И РЕДАКЦИЯ на ЗАПИСА
Създаване/Редакция Създаване
Дата на регистрацията/редакция 2021-02-16
Служител, извършил регистрацията/редакцията ВК
Наличности
Код за отписване Код за изгубен артикул Източник на класификационната схема Код за повреда Коз за рестрикции Код за отдаване Артикулен № Име на библиотеката - собственик Име на библиотеката, в която се намира в момента Статус (Текущо местоположение) Дата на вписване в системата Местоположение - отдел Цена в лева Инвентарен номер Систематично азбучна сигнатура Баркод Цена в евро Служебен тип на артикула
  Не е изгубен Universal Decimal Classification Не е повреден само за читалня ползва се в читалня 812385 Регионална библиотека "Любен Каравелов" Русе Регионална библиотека "Любен Каравелов" Русе Хранилище 2021-02-17 Основен фонд - ползва се само за читалня 0.00 661022 Цб ІІ 27138 120000661022 0.00 Графични издания
Vip Innovations Ltd, Rousse, Bulgaria 2025